MARC

LEADER 00000nam0a2200000 4500
001 159440
005 20231031155124.0
010 |a 5274002226 
035 |a (RuTPU)RU\TPU\book\172945 
090 |a 159440 
100 |a 20090511d1988 m y0rusy50 ca 
101 1 |a rus  |c cze 
102 |a RU 
105 |a a z 001zy 
200 1 |a  Обжиг керамики  |e пер. с чеш.  |f О. Тихи  |g под ред. Л. В. Соколовой 
210 |a Москва  |c Стройиздат  |d  1988 
215 |a 344с.  |c ил. 
320 |a Библиогр.: с. 339-342. 
610 1 |a керамические изделия 
610 1 |a обжиг 
610 1 |a термическая обработка 
610 1 |a тепловые процессы 
610 1 |a печи 
610 1 |a конструктивные элементы 
610 1 |a транспортные устройства 
610 1 |a электрическое оборудование 
610 1 |a расчеты 
610 1 |a эксплуатация 
610 1 |a ремонт 
610 1 |a технический контроль 
610 1 |a туннельные печи 
610 1 |a производственные показатели 
610 1 |a кирпичи 
610 1 |a огнеупорные изделия 
610 1 |a абразивы 
610 1 |a глинистые материалы 
610 1 |a фарфор мягкий 
610 1 |a типы 
675 |a 666.3  |v 3 
700 1 |a Тихи  |b О.  |g Олдржих 
702 1 |a Соколова  |b Л. В.  |4 340 
801 1 |a RU  |b 63413507  |c 20090511  |g PSBO 
801 2 |a RU  |b 63413507  |c 20100412  |g RCR 
942 |c BK